MARC details
| 000 -LEADER |
| fixed length control field |
01558cam a2200421 i 4500 |
| 001 - CONTROL NUMBER |
| control field |
15856482 |
| 003 - CONTROL NUMBER IDENTIFIER |
| control field |
OSt |
| 005 - DATE AND TIME OF LATEST TRANSACTION |
| control field |
20250719142057.0 |
| 008 - FIXED-LENGTH DATA ELEMENTS--GENERAL INFORMATION |
| fixed length control field |
090806s2008 au a bc 001 0 eng c |
| 010 ## - LIBRARY OF CONGRESS CONTROL NUMBER |
| LC control number |
2009447920 |
| 020 ## - INTERNATIONAL STANDARD BOOK NUMBER |
| International Standard Book Number |
9783902501103 |
| Qualifying information |
pbk. |
| 020 ## - INTERNATIONAL STANDARD BOOK NUMBER |
| International Standard Book Number |
3902501103 |
| Qualifying information |
pbk. |
| 035 ## - SYSTEM CONTROL NUMBER |
| System control number |
15856482 |
| 035 ## - SYSTEM CONTROL NUMBER |
| System control number |
(OCoLC)368180257 |
| 040 ## - CATALOGING SOURCE |
| Original cataloging agency |
GZM |
| Transcribing agency |
GZM |
| Modifying agency |
DLC |
| 041 0# - LANGUAGE CODE |
| Language code of text/sound track or separate title |
eng |
| Language code of summary or abstract |
tib |
| 042 ## - AUTHENTICATION CODE |
| Authentication code |
pcc |
| 050 00 - LIBRARY OF CONGRESS CALL NUMBER |
| Classification number |
BQ1267 |
| Item number |
.T38 2008 |
| 100 1# - MAIN ENTRY--PERSONAL NAME |
| Personal name |
Tauscher, Helmut. |
| 245 10 - TITLE STATEMENT |
| Title |
Catalogue of the Gondhla proto-Kanjur / |
| Statement of responsibility, etc. |
Helmut Tauscher. |
| 264 ## - PRODUCTION, PUBLICATION, DISTRIBUTION, MANUFACTURE, AND COPYRIGHT NOTICE |
| Place of production, publication, distribution, manufacture |
Wien : |
| Name of producer, publisher, distributor, manufacturer |
Arbeitskreis für Tibetische und Buddhistische Studien Universität Wien, |
| Date of production, publication, distribution, manufacture, or copyright notice |
2008. |
| 300 ## - PHYSICAL DESCRIPTION |
| Extent |
lxii, 231 pages : |
| Other physical details |
ill. (1 col.) : |
| Dimensions |
24 cm. |
| 336 ## - CONTENT TYPE |
| Content type term |
text |
| Content type code |
txt |
| Source |
rdacontent |
| 337 ## - MEDIA TYPE |
| Media type term |
unmediated |
| Media type code |
n |
| Source |
rdamedia |
| 338 ## - CARRIER TYPE |
| Carrier type term |
volume |
| Carrier type code |
nc |
| Source |
rdacarrier |
| 440 #0 - SERIES STATEMENT/ADDED ENTRY--TITLE |
| Title |
Wiener Studien zur Tibetologie und Buddhismuskunde ; |
| Volume/sequential designation |
Heft 72 |
| 500 ## - GENERAL NOTE |
| General note |
"Concordances"--P. [173]-231. |
| 504 ## - BIBLIOGRAPHY, ETC. NOTE |
| Bibliography, etc. note |
Includes bibliographical references (p. [lix]-lxii) and indexes. |
| 546 ## - LANGUAGE NOTE |
| Language note |
English and Tibetan. |
| 630 00 - SUBJECT ADDED ENTRY--UNIFORM TITLE |
| Uniform title |
Kanjur |
| Form subdivision |
Bibliography |
| -- |
Catalogs. |
| 650 #0 - SUBJECT ADDED ENTRY--TOPICAL TERM |
| Topical term or geographic name entry element |
Buddhism |
| Form subdivision |
Sacred books |
| -- |
Bibliography |
| -- |
Catalogs. |
| 655 #7 - INDEX TERM--GENRE/FORM |
| Genre/form data or focus term |
Bibliographies. |
| 710 2# - ADDED ENTRY--CORPORATE NAME |
| Corporate name or jurisdiction name as entry element |
Arbeitskreis für Tibetische und Buddhistische Studien (Universität Wien) |
| 906 ## - LOCAL DATA ELEMENT F, LDF (RLIN) |
| a |
7 |
| b |
cbc |
| c |
pccadap |
| d |
3 |
| e |
ncip |
| f |
20 |
| g |
y-gencatlg |
| 942 ## - ADDED ENTRY ELEMENTS (KOHA) |
| Source of classification or shelving scheme |
Lindholme Classification Scheme |
| Koha item type |
Reference |
| Suppress in OPAC |
No |